| 000 | 00615nam a22001937a 4500 | ||
|---|---|---|---|
| 008 | 180613b xxu||||| |||| 00| 0 eng d | ||
| 020 | _a8171009603 | ||
| 035 | _aB-019012 | ||
| 040 |
_adpl _bEnglish |
||
| 082 | _a657.48 | ||
| 245 |
_aAccounting and Financial Management _cB.S Bhatia |
||
| 260 |
_aNew Delhi _bDeep and Deep Publications _c2000 |
||
| 270 |
_aF-159 Rajouri Garden _bNew Delhi _e110027 |
||
| 300 |
_axi 209p. _c15cm (Hb) |
||
| 500 | _aIncludes bibliographical references and index | ||
| 650 | _aAccounting. | ||
| 700 | _aBhatia, B.S | ||
| 942 |
_2ddc _cEN _mBHA _h657.48 |
||
| 999 |
_c152677 _d152677 |
||